000 00794nam a22002297a 4500
999 _c8068
_d8068
001 8068
003 BD-JhCC
005 20180218110627.0
008 171018s1980 bg |||| ||a| 001 0 ben d
035 _a(BD-JhCC)8068
040 _aBD-JhCC
_dBD-JhCC
041 _aben
082 _a301.205
_bNOK 1980
100 _aনকী, সৈয়দ আলী
245 _aনৃবিজ্ঞান /
_cসৈয়দ আলী নকী; মুহাম্মদ হাবিবুর রহমান
260 _aঢাকা :
_bবাংলা একাডেমী,
_c1980.
300 _a২০৪ পৃ.:
_c২২ সেমি.
650 _aAnthropology
700 _aরহমান, মুহাম্মদ হাবিবুর
942 _2ddc
_cBK